Normal view
MARC view
Entry Personal Name
001 - CONTROL NUMBER
- control field: 1652
003 - CONTROL NUMBER IDENTIFIER
- control field: AM-YEHGA
005 - DATE AND TIME OF LATEST TRANSACTION
- control field: 20250617070430.0
008 - FIXED-LENGTH DATA ELEMENTS
- fixed length control field: 050415 a|ac|n|aab||||||||||||a |n|||||||
040 ## - CATALOGING SOURCE
- Original cataloging agency: AM-YEHGA
100 1# - HEADING--PERSONAL NAME
- Personal name: Գրիգորյան, Վարդան Վահանի,
- Dates associated with a name: 1950-1989
400 1# - SEE FROM TRACING--PERSONAL NAME
- Personal name: Գրիգորյան, Վարդան,
- Dates associated with a name: 1950-1989
400 1# - SEE FROM TRACING--PERSONAL NAME
- Personal name: Գրիգորյան, Վ.
- Fuller form of name: (Վարդան),
- Dates associated with a name: 1950-1989
400 1# - SEE FROM TRACING--PERSONAL NAME
- Personal name: Григорян, Вартан Ваганович,
- Dates associated with a name: 1950-1989
400 1# - SEE FROM TRACING--PERSONAL NAME
- Personal name: Grigoryan, Vardan Vahani,
- Dates associated with a name: 1950-1989
670 ## - SOURCE DATA FOUND
- Source citation: Խաչատրյան Հ. Գրական տեղեկատու,1986 :
- Information found: էջ 133 (Գրիգորյան Վարդան Վահանի (ծ. 5.9.1950, Երևան [- մ. 26.3.1989, Երևան]), արձակագիր, ՀԼԿԵՄ դափնեկիր (1985), ՍՍՀՄ գրող. միութ. անդամ (1982-ից))
670 ## - SOURCE DATA FOUND
- Source citation: Գրիգորյան Վ. Մանյա այրք (Պատմավեպ), 1988 :
- Information found: վերջ. (Գրիգորյան Վարդան Վահանի)
ՀՀ Գիտությունների ազգային ակադեմիայի հիմնարար գիտական գրադարան = Fundamental Scientific Library of NAS RA
All site content, except where otherwise noted, is licensed under a